| 000 | 00555nam a22002057a 4500 | ||
|---|---|---|---|
| 005 | 20180111141823.0 | ||
| 008 | 180111b xxu||||| |||| 00| 0 eng d | ||
| 020 |
_a9780199679393 _c₹ 495.00 |
||
| 040 | _aLoreto College | ||
| 041 | _aEnglish | ||
| 082 |
_a370.03 _bWAL |
||
| 100 | _aWallace, Susan ed. | ||
| 245 |
_aOxford dictionary of Education _cEdited by Susan Wallace |
||
| 250 | _aSecond Edition | ||
| 260 |
_aOxford _bOxford university Press _c2015 |
||
| 300 | _b22 cm. | ||
| 650 | _aEducation-Dictionary | ||
| 850 | _aLCBED | ||
| 942 | _cBK | ||
| 999 |
_c41389 _d91868 |
||